[Event "Druzynowe Mistrzostwa Polski w Szachach I LIGA 2021"]
[Site "Szklarska Poreba"]
[Date "1899-12-30"]
[Round "4.42"]
[White "Adamczyk, Zuzanna"]
[Black "Trybowska, Barbara"]
[Result "1/2-1/2"]
[WhiteTitle "WCM"]
[BlackTitle "I++"]
[WhiteElo "2055"]
[BlackElo "1806"]

1. d4 e6 2. e4 d5 3. Nd2 Nf6 4. e5 Nfd7 5. Bd3 c5 6. c3 Nc6 7. Ne2 cxd4 8. cxd4
f6 9. exf6 Nxf6 10. O-O Bd6 11. Nf3 Qc7 12. Bg5 O-O 13. Bh4 Bd7 14. Bg3 Rac8 15.
Rc1 Nh5 16. Nc3 Nxg3 17. hxg3 Qd8 18. Qc2 g6 19. Qd2 Qf6 20. Bb5 a6 21. Bxc6 Rxc6
22. Rfe1 b5 23. a3 Rfc8 24. Ne5 Bxe5 25. Rxe5 Rc4 26. Rce1 Rf8 27. Nd1 Rc7 28.
Ne3 Bc8 29. Ng4 Qg7 30. Rc1 Rc4 31. b3 Rxc1+ 32. Qxc1 h5 33. Nh2 Bd7 34. Nf3 Qe7
35. Qg5 Qxg5 36. Rxg5 Kg7 37. Ne5 Be8 38. b4 Kh6 39. f4 Rg8 40. Kf2 Rg7 41. Nd3
Rc7 42. Nc5 Bd7 43. Re5 Bc8 44. Kf3 Re7 45. Re1 Rc7 46. Re3 Re7 47. Rc3 Rc7 48.
Ke2 Kh7 49. Kd2 Kh6 50. Ke2 Kh7 51. Kd3 Kh6 52. Kd2 Rc6 53. Nd3 Rc4 54. Rxc4 dxc4
55. Nc5 Kg7 56. Ke3 Kf7 57. Ke4 Kf6 58. Ke3 Kf7 59. a4 Ke7 60. a5 Kf7 61. Ke4
Kf6 62. g4 hxg4 63. g3 Kf7 64. Ke3 Ke7 65. d5 exd5 66. Kd4 1/2-1/2

[Event "Druzynowe Mistrzostwa Polski w Szachach I LIGA 2021"]
[Site "Szklarska Poreba"]
[Date "1899-12-30"]
[Round "4.43"]
[White "Skawinski, Arkadiusz"]
[Black "Psyk, Radoslaw"]
[Result "1/2-1/2"]
[WhiteTitle "FM"]
[BlackTitle "k++"]
[WhiteElo "2359"]
[BlackElo "2400"]

1. e4 c5 2. Nf3 e6 3. c3 Nf6 4. e5 Nd5 5. d4 cxd4 6. cxd4 d6 7. Bc4 Be7 8. Qe2
O-O 9. O-O b6 10. Rd1 Bb7 11. Bxd5 exd5 12. Nc3 Na6 13. Bf4 Nc7 14. Rac1 Ne6 15.
Bg3 dxe5 16. Bxe5 Rc8 17. Qd2 Qd7 18. Bg3 f6 19. Re1 Rfe8 20. Re3 Bf8 21. Rce1
Nc7 22. Qd1 Rxe3 23. Rxe3 Nb5 24. Qb3 Nxc3 25. Rxc3 Rc4 26. h3 b5 27. Nd2 Qc6
28. Qc2 Rxc3 29. Qxc3 Qxc3 30. bxc3 b4 31. cxb4 Bxb4 32. Nb3 Bc6 33. Bc7 Bb5 34.
Ba5 Bd6 35. Nc5 Kf7 36. a3 h5 37. g3 g5 38. Kg2 Kg6 39. Bd2 Kf5 40. f3 Kg6 41.
h4 Kf5 42. Kf2 g4 43. Bc3 gxf3 44. Kxf3 Bf1 45. a4 Bh3 46. a5 Bg4+ 47. Kg2 Be2
48. Be1 Kg4 49. Ne6 Bf3+ 50. Kh2 Kf5 51. Nc5 Be4 52. Kh3 Bf3 53. Kh2 Bf8 54. Bd2
Be4 55. Bf4 Kg4 1/2-1/2

[Event "Druzynowe Mistrzostwa Polski w Szachach I LIGA 2021"]
[Site "Szklarska Poreba"]
[Date "1899-12-30"]
[Round "4.44"]
[White "Zaskalski, Arkadiusz"]
[Black "Brodowski, Piotr"]
[Result "0-1"]
[WhiteTitle "k"]
[BlackTitle "IM"]
[WhiteElo "2160"]
[BlackElo "2439"]

1. c4 e5 2. Nc3 Nc6 3. g3 g6 4. Bg2 Bg7 5. e3 d6 6. Rb1 f5 7. Nge2 Nf6 8. d3 Ne7
9. Nd5 Nexd5 10. cxd5 O-O 11. O-O Bd7 12. Qb3 Rb8 13. Bd2 Kh8 14. Qa3 a6 15. b4
Qe7 16. Rbc1 Rbc8 17. Nc3 g5 18. f4 exf4 19. exf4 gxf4 20. Rce1 Qf7 21. Bxf4 Ng4
22. Ne2 Rce8 23. Qc1 Bb5 24. Qd2 Qh5 25. h3 Ne5 26. Bxe5 dxe5 27. Kh2 Qg6 28.
Nc3 Bd7 29. a4 Rg8 30. Qf2 Bf8 31. Rb1 Bd6 32. Ne2 Bxa4 33. Qxf5 Qxf5 34. Rxf5
Bc2 0-1

[Event "Druzynowe Mistrzostwa Polski w Szachach I LIGA 2021"]
[Site "Szklarska Poreba"]
[Date "1899-12-30"]
[Round "4.45"]
[White "Luch, Michal"]
[Black "Markiewicz, Jerzy"]
[Result "1/2-1/2"]
[WhiteTitle "IM"]
[BlackTitle "FM"]
[WhiteElo "2383"]
[BlackElo "2197"]

1. d4 Nf6 2. c4 c5 3. d5 e6 4. Nc3 exd5 5. cxd5 d6 6. Nf3 g6 7. h3 Bg7 8. e4 O-O
9. Bd3 b5 10. Nxb5 Re8 11. O-O Nxe4 12. Re1 a6 13. Na3 Nf6 14. Rxe8+ Nxe8 15.
Bg5 Bf6 16. Qa4 Nd7 17. Qh4 Ne5 18. Bxf6 Nxf3+ 19. gxf3 Qxf6 20. Qxf6 Nxf6 21.
Nc4 Bb7 22. Nxd6 Bxd5 23. Ne4 Nxe4 24. Bxe4 Bxe4 25. fxe4 Rb8 26. b3 Rb4 27. Rc1
Rxe4 28. Rxc5 Re6 29. b4 Kg7 30. Kg2 h6 31. a3 g5 32. Rc1 f5 33. a4 Kg6 34. a5
Kh5 35. Rc7 Re4 36. Rb7 Kh4 37. b5 1/2-1/2

[Event "Druzynowe Mistrzostwa Polski w Szachach I LIGA 2021"]
[Site "Szklarska Poreba"]
[Date "1899-12-30"]
[Round "4.46"]
[White "Augustyn, Sebastian"]
[Black "Butkiewicz, Lukasz"]
[Result "1/2-1/2"]
[WhiteTitle "k"]
[BlackTitle "IM"]
[WhiteElo "2147"]
[BlackElo "2378"]

1. e4 c5 2. Nf3 Nc6 3. Bb5 e6 4. O-O Nge7 5. c3 a6 6. Ba4 b5 7. Bc2 c4 8. d4 cxd3
9. Qxd3 Ng6 10. Nbd2 Qc7 11. Nb3 Be7 12. Nbd4 Bb7 13. Nxc6 dxc6 14. a4 Rd8 15.
Qe2 e5 16. Bb3 O-O 17. g3 c5 18. axb5 axb5 19. Bg5 c4 20. Bxe7 Qxe7 21. Bc2 Bc8
22. Qe3 Bg4 23. Rfd1 h6 24. Rxd8 Rxd8 25. Rd1 Rb8 26. Kg2 Qe6 27. Rb1 Ra8 28.
Bd1 f5 29. exf5 Bxf5 30. Rc1 Ra2 31. Qd2 Be4 32. Qe3 Qf5 33. Kg1 Rxb2 34. Ne1
Bd3 35. Nxd3 cxd3 36. Bf3 Rc2 37. Rd1 Rxc3 38. Be4 Qf6 39. Rxd3 Rc8 40. Rb3 Ne7
41. Rxb5 Qd6 42. Qb3+ Kf8 43. Rb7 Rd8 44. Kg2 Rd7 45. Rb6 Qd4 46. Rb8+ Rd8 47.
Qf3+ Ke8 48. Rb7 Rd6 49. Rb8+ Rd8 50. Rb7 Rd6 51. Rb8+ Rd8 52. Qh5+ Kd7 53. Rb7+
Kd6 54. Qf3 1/2-1/2

[Event "Druzynowe Mistrzostwa Polski w Szachach I LIGA 2021"]
[Site "Szklarska Poreba"]
[Date "1899-12-30"]
[Round "4.47"]
[White "Bronowicki, Mateusz"]
[Black "Mika, Tomasz"]
[Result "1/2-1/2"]
[WhiteTitle "FM"]
[BlackTitle "I++"]
[WhiteElo "2197"]
[BlackElo "2137"]

1. d4 Nf6 2. Nf3 g6 3. c4 Bg7 4. Nc3 d5 5. cxd5 Nxd5 6. e4 Nxc3 7. bxc3 c5 8. Rb1
O-O 9. Be2 cxd4 10. cxd4 Qa5+ 11. Qd2 Qxd2+ 12. Bxd2 b6 13. d5 f5 14. Bb4 fxe4
15. Ng5 Ba6 16. Ne6 Rc8 17. Bxa6 Nxa6 18. Bxe7 Nc7 19. Nxc7 Rxc7 20. d6 Rd7 21.
Ke2 Bf8 22. Bxf8 Rxf8 23. Rhd1 Rf6 24. Rbc1 Kf7 25. Rc8 h5 26. Rh8 a5 27. Ke3
Rdxd6 28. Rh7+ Ke6 29. Rb1 Rc6 30. Rb5 Rf5 31. Rb2 b5 32. Rh8 Rc3+ 33. Kxe4 Rc4+
34. Kd3 Rd5+ 35. Ke3 b4 36. f3 Re5+ 37. Kd3 Rc3+ 38. Kd4 Rd5+ 39. Ke4 Rdc5 40.
Re8+ Kd7 41. Ra8 g5 42. Ra6 Kc7 43. Rd2 R3c4+ 44. Kd3 Kb7 45. Rg6 g4 46. fxg4
hxg4 47. Rf2 Rc3+ 48. Kd4 Rc6 49. Rxc6 Kxc6 50. Ke4 Kb5 51. Kf5 Rc4 52. Kg5 Ka4
53. h4 g3 54. Re2 Ka3 55. h5 a4 56. h6 b3 57. axb3 axb3 58. Re8 b2 59. Ra8+ Kb3
60. Rb8+ Rb4 61. Rxb4+ Kxb4 62. h7 b1=Q 63. h8=Q Qe1 64. Qd4+ Kb5 65. Kg4 Kc6
66. Kf3 Kc7 67. Qf4+ Kd7 68. Qxg3 Qd1+ 69. Kf4 Qd6+ 70. Kg4 Qe6+ 71. Kh5 Qf5+
72. Qg5 Qh7+ 73. Kg4 Qe4+ 74. Kh3 Qh7+ 75. Qh4 Qd3+ 76. Kh2 Ke8 77. Qh5+ Ke7 78.
g3 Kf6 79. Qh6+ Qg6 80. Qxg6+ Kxg6 81. Kh3 Kh5 82. g4+ Kg5 83. Kg3 Kg6 84. Kf4
Kf6 85. g5+ Kg6 86. Kg4 Kg7 87. Kf5 Kf7 88. g6+ Kg7 89. Kg5 Kg8 90. Kf6 Kf8 91.
g7+ Kg8 92. Kg6 1/2-1/2

[Event "Druzynowe Mistrzostwa Polski w Szachach I LIGA 2021"]
[Site "Szklarska Poreba"]
[Date "1899-12-30"]
[Round "4.48"]
[White "Mirowska, Oliwia"]
[Black "Rudnicka, Ewa"]
[Result "0-1"]
[WhiteTitle "k"]
[BlackTitle "WFM"]
[WhiteElo "1778"]
[BlackElo "2147"]

1. e4 g6 2. Nc3 Bg7 3. d3 d6 4. g3 e5 5. Bg2 Nf6 6. Nge2 Be6 7. O-O Qd7 8. d4 Bh3
9. f4 Bxg2 10. Kxg2 exd4 11. Nxd4 O-O 12. Qd3 Nc6 13. Be3 Rfe8 14. Rae1 a6 15.
a3 b5 16. h3 b4 17. axb4 Nxb4 18. Qd2 Nxe4 19. Nxe4 Rxe4 20. Qxb4 c5 21. Qc4 Bxd4
22. Qd5 Rae8 23. Bf2 Rxe1 24. Rxe1 Rxe1 25. Bxe1 Qb5 0-1

[Event "Druzynowe Mistrzostwa Polski w Szachach I LIGA 2021"]
[Site "Szklarska Poreba"]
[Date "1899-12-30"]
[Round "4.49"]
[White "Tomczak, Mikolaj"]
[Black "Maciejczak, Jakub"]
[Result "1/2-1/2"]
[WhiteTitle "IM"]
[BlackTitle "FM"]
[WhiteElo "2435"]
[BlackElo "2363"]

1. d4 d5 2. c4 c6 3. Nf3 Nf6 4. e3 e6 5. Nbd2 Be7 6. Bd3 Nbd7 7. b3 b6 8. O-O O-O
9. Bb2 Bb7 10. Qe2 c5 11. Rfd1 Rc8 12. Rac1 Rc7 13. cxd5 Nxd5 14. Nc4 Qa8 15.
Bb1 N5f6 16. dxc5 Rxc5 17. e4 Rfc8 18. a4 R5c7 19. Nfd2 Nc5 20. f3 1/2-1/2

[Event "Druzynowe Mistrzostwa Polski w Szachach I LIGA 2021"]
[Site "Szklarska Poreba"]
[Date "1899-12-30"]
[Round "4.50"]
[White "Kucza, Karol"]
[Black "Brozyna, Mateusz"]
[Result "1/2-1/2"]
[WhiteTitle "FM"]
[BlackTitle "FM"]
[WhiteElo "2322"]
[BlackElo "2297"]

1. e4 e5 2. Nf3 Nc6 3. Bb5 a6 4. Ba4 Nf6 5. O-O Be7 6. Re1 b5 7. Bb3 d6 8. c3 O-O
9. h3 Nb8 10. d4 Nbd7 11. Nbd2 Bb7 12. Bc2 Re8 13. Nf1 Bf8 14. Ng3 g6 15. a4 Bg7
16. Bd3 d5 17. Bg5 dxe4 18. Nxe4 exd4 19. cxd4 h6 20. Bxf6 Nxf6 21. Nxf6+ Bxf6
22. axb5 Rxe1+ 23. Qxe1 axb5 24. Rxa8 Qxa8 25. Qe2 Bxf3 26. Qxf3 Qxf3 27. gxf3
b4 28. b3 Bxd4 29. f4 Kg7 30. Kg2 Kf6 31. Kf3 g5 32. fxg5+ Kxg5 33. Kg2 Kf4 34.
f3 c5 35. Bc4 1/2-1/2

[Event "Druzynowe Mistrzostwa Polski w Szachach I LIGA 2021"]
[Site "Szklarska Poreba"]
[Date "1899-12-30"]
[Round "4.51"]
[White "Zochowski, Kacper"]
[Black "Janaszak, Dawid"]
[Result "1-0"]
[WhiteTitle "FM"]
[BlackTitle "FM"]
[WhiteElo "2233"]
[BlackElo "2348"]

1. c4 c5 2. g3 g6 3. Bg2 Bg7 4. Nc3 Nc6 5. Nf3 e5 6. O-O d6 7. a3 Nge7 8. b4 O-O
9. bxc5 dxc5 10. Bb2 e4 11. Ng5 Na5 12. Ngxe4 Nxc4 13. Bc1 Nd5 14. Nxd5 Bxa1 15.
d3 Nb6 16. Bg5 Qxd5 17. Qxa1 Qd4 18. Be7 Qxa1 19. Rxa1 c4 20. Nf6+ Kg7 21. Bxf8+
Kxf6 22. Bb4 cxd3 23. exd3 Bf5 24. Be4 Rc8 25. Re1 Bxe4 26. Rxe4 Nd5 27. Bd6 a6
28. Re5 Nc3 29. Ra5 Ne2+ 30. Kf1 Nc1 31. d4 Nb3 32. Be5+ Kf5 33. Rxa6 Ke4 34.
Rf6 g5 35. Rxf7 h5 36. h3 Rc2 37. Kg2 Nd2 38. Bf6 Kf5 39. Be5+ Ke4 40. g4 h4 41.
Bf6 Nf3 42. Re7+ Kf4 43. Be5+ Nxe5 44. dxe5 1-0

[Event "Druzynowe Mistrzostwa Polski w Szachach I LIGA 2021"]
[Site "Szklarska Poreba"]
[Date "1899-12-30"]
[Round "4.52"]
[White "Dudzinski, Pawel"]
[Black "Hasterok, Mateusz"]
[Result "1/2-1/2"]
[WhiteTitle "FM"]
[BlackTitle "k"]
[WhiteElo "2203"]
[BlackElo "2088"]

1. e4 c5 2. Nf3 e6 3. d4 cxd4 4. Nxd4 Nc6 5. Nc3 a6 6. Be3 Nf6 7. f3 Bb4 8. Qd2
d5 9. O-O-O O-O 10. a3 Be7 11. exd5 exd5 12. Nxc6 bxc6 13. Na4 Nd7 14. Qc3 Bb7
15. Nc5 Nxc5 16. Bxc5 Re8 17. Bd3 Bxc5 18. Qxc5 Qe7 19. Qxe7 Rxe7 20. Rhe1 Kf8
21. b4 a5 22. Kd2 axb4 23. axb4 Ra4 24. Kc3 Bc8 25. Ra1 Rea7 26. Rxa4 Rxa4 27.
g3 Be6 28. Bxh7 Ra3+ 29. Kd4 Rxf3 30. Bd3 Rf2 31. Re2 Rf6 32. Kc5 Bd7 33. b5 cxb5
34. Bxb5 Be6 35. Bc6 Rf5 36. Rd2 Rh5 37. Bxd5 Bxd5 38. Rxd5 Rxh2 39. c4 Ke7 40.
Kc6 Rh3 41. Rd3 f5 42. c5 g5 43. Re3+ Kf6 44. Kd6 f4 45. Re6+ Kf5 46. Re5+ Kg4
47. gxf4 gxf4 48. c6 Rh6+ 49. Kd7 Rxc6 50. Kxc6 f3 51. Re7 f2 52. Rf7 Kg3 53.
Kd5 Kg2 54. Ke4 f1=Q 55. Rxf1 Kxf1 1/2-1/2

[Event "Druzynowe Mistrzostwa Polski w Szachach I LIGA 2021"]
[Site "Szklarska Poreba"]
[Date "1899-12-30"]
[Round "4.53"]
[White "Adamczewski, Maciej"]
[Black "Skurniak, Szymon"]
[Result "1/2-1/2"]
[WhiteTitle "k"]
[BlackTitle "k"]
[WhiteElo "2011"]
[BlackElo "2080"]

1. d4 Nf6 2. Nf3 g6 3. Nbd2 Bg7 4. e3 O-O 5. b4 d6 6. Bb2 c5 7. a3 cxd4 8. Nxd4
Nc6 9. N4b3 b6 10. Be2 Bb7 11. Bf3 Qc7 12. O-O Rac8 13. Qe2 Nd7 14. Bxg7 Kxg7
15. Rac1 Nde5 16. Be4 Nd8 17. Bxb7 Nxb7 18. c4 Qd7 19. Rc3 d5 20. Rfc1 Nxc4 1/2-1/2

[Event "Druzynowe Mistrzostwa Polski w Szachach I LIGA 2021"]
[Site "Szklarska Poreba"]
[Date "1899-12-30"]
[Round "4.54"]
[White "Czerwinska, Milena"]
[Black "Rudzinska, Michalina"]
[Result "1/2-1/2"]
[WhiteTitle "WFM"]
[BlackTitle "WFM"]
[WhiteElo "1983"]
[BlackElo "2222"]

1. e4 c5 2. Nf3 d6 3. d3 Nc6 4. g3 Nf6 5. Bg2 e5 6. O-O Be7 7. Nbd2 O-O 8. c3 d5
9. Re1 d4 10. Nc4 Qc7 11. a4 Be6 12. Ncd2 dxc3 13. bxc3 Rfd8 14. Qc2 a6 15. Rb1
Rab8 16. Bb2 Qd7 17. Bf1 b5 18. axb5 axb5 19. Be2 Ng4 20. h3 Nf6 21. h4 Ng4 22.
Nf1 b4 23. Ng5 bxc3 24. Bxc3 Nb4 25. Bxb4 cxb4 26. Nxe6 Qxe6 27. Bxg4 Qxg4 28.
Ne3 Qh3 29. Nf5 Bf8 30. Rb3 Rbc8 31. Qb2 g6 32. Ne3 Bc5 33. Qe2 Ra8 34. Rc1 Rdc8
35. Rcb1 Ra3 36. Qg4 Qxg4 37. Nxg4 Bd6 38. Nf6+ Kg7 39. Nd5 Rc1+ 40. Kg2 Rxb1
41. Rxb1 Rxd3 42. Nxb4 Rd4 43. Nc6 Rc4 44. Nd8 Be7 45. Rb8 Rxe4 46. Nc6 Bf6 47.
Re8 Re1 48. f3 Re2+ 49. Kf1 Rd2 50. Nxe5 Bd8 51. Nc4 Rd4 1/2-1/2

[Event "Druzynowe Mistrzostwa Polski w Szachach I LIGA 2021"]
[Site "Szklarska Poreba"]
[Date "1899-12-30"]
[Round "4.55"]
[White "Ustianovich, Nazar"]
[Black "Niekras, Dawid"]
[Result "1/2-1/2"]
[WhiteTitle "FM"]
[BlackTitle "FM"]
[WhiteElo "2348"]
[BlackElo "2286"]

1. Nf3 g6 2. c4 Bg7 3. d4 Nf6 4. g3 O-O 5. Bg2 d5 6. cxd5 Nxd5 7. O-O c5 8. e4
Nf6 9. e5 Nd5 10. dxc5 Na6 11. a3 Nxc5 12. b4 Ne6 13. Bb2 Nb6 14. Bc1 1/2-1/2

[Event "Druzynowe Mistrzostwa Polski w Szachach I LIGA 2021"]
[Site "Szklarska Poreba"]
[Date "1899-12-30"]
[Round "4.56"]
[White "Zakrzewski, Marek"]
[Black "Pniaczek, Marek"]
[Result "1/2-1/2"]
[WhiteTitle "FM"]
[BlackTitle "CM"]
[WhiteElo "2273"]
[BlackElo "2314"]

1. e4 e5 2. Nf3 Nc6 3. Nc3 Nf6 4. d4 exd4 5. Nxd4 Bb4 6. Nxc6 bxc6 7. Bd3 d5 8.
exd5 O-O 9. O-O Bg4 10. Be2 Bxe2 11. Nxe2 cxd5 12. Bg5 c6 13. Nd4 Qd6 14. c3 Bc5
15. Re1 Ne4 16. Be3 Bb6 17. f3 Nc5 18. a4 Ne6 19. Nf5 Qc7 20. b4 a5 21. Kh1 Rfe8
22. Qd2 Rad8 23. Rad1 Qa7 24. Bxb6 Qxb6 25. Rb1 1/2-1/2

[Event "Druzynowe Mistrzostwa Polski w Szachach I LIGA 2021"]
[Site "Szklarska Poreba"]
[Date "1899-12-30"]
[Round "4.57"]
[White "Smolka, Marcin"]
[Black "Selbes, Tarik"]
[Result "1/2-1/2"]
[WhiteTitle "k"]
[BlackTitle "FM"]
[WhiteElo "2210"]
[BlackElo "2260"]

1. e4 e5 2. Nf3 Nc6 3. Nc3 Nf6 4. d4 exd4 5. Nxd4 Bb4 6. Nxc6 bxc6 7. Bd3 O-O 8.
O-O d5 9. exd5 Bg4 10. f3 Bh5 11. dxc6 Qd4+ 12. Kh1 Bxc3 13. bxc3 Qxc3 14. Bg5
Qxc6 15. c4 Rad8 16. Qc2 Bg6 17. Bxg6 hxg6 18. Qf2 Rfe8 19. Rac1 Re5 20. Bxf6
gxf6 21. Qxa7 Re2 22. Rfe1 Qxc4 23. Qg1 Qxa2 24. Rxc7 Rb2 25. Ra1 Qb3 26. Rcc1
Rdd2 27. Rd1 g5 28. Rxd2 Rxd2 29. h3 Qd5 30. Qe3 Kg7 31. Re1 Qa2 32. Rg1 Qc2 33.
Qe7 Re2 34. Qd8 Rd2 35. Qe7 Re2 36. Qd8 Rf2 37. Qd7 Qb2 38. Qa7 Kg6 39. Qa8 Kg7
40. Qa7 Rd2 41. Qe3 Qc2 42. Qe7 1/2-1/2

[Event "Druzynowe Mistrzostwa Polski w Szachach I LIGA 2021"]
[Site "Szklarska Poreba"]
[Date "1899-12-30"]
[Round "4.58"]
[White "Hemmerling, Jaroslaw"]
[Black "Musial, Tomasz"]
[Result "1/2-1/2"]
[WhiteTitle "I++"]
[BlackTitle "k"]
[WhiteElo "1935"]
[BlackElo "2096"]

1. d4 e6 2. Nf3 Nf6 3. g3 c5 4. Bg2 Nc6 5. O-O cxd4 6. Nxd4 Bc5 7. Nxc6 bxc6 8.
b3 O-O 9. Bb2 d5 10. Nd2 a5 11. c4 Rb8 12. e4 Ba6 13. Qf3 dxc4 14. Nxc4 Bxc4 15.
Rfc1 Bd4 16. Bxd4 Qxd4 17. Rd1 Qe5 18. bxc4 Rb2 19. h3 Rc2 20. Qd3 Rc3 21. Qe2
Rb8 22. Rab1 Rxb1 23. Rxb1 h5 24. Rd1 Ra3 25. Rd8+ Kh7 26. f4 Qa1+ 27. Rd1 Qxa2
28. Qxa2 Rxa2 29. e5 Ng8 30. Be4+ Kh6 31. Rd8 Kh7 32. Rd1+ Nf6 33. Bg2 1/2-1/2

[Event "Druzynowe Mistrzostwa Polski w Szachach I LIGA 2021"]
[Site "Szklarska Poreba"]
[Date "1899-12-30"]
[Round "4.59"]
[White "Bielczyk, Jacek"]
[Black "Bajerlein, Dawid"]
[Result "1/2-1/2"]
[WhiteTitle "IM"]
[BlackTitle "k+"]
[WhiteElo "2264"]
[BlackElo "2036"]

1. e4 c6 2. d4 d5 3. f3 e6 4. Nc3 Bb4 5. Bf4 Nf6 6. Qd3 b6 7. Nge2 Ba6 8. Qe3 O-O
9. O-O-O Nbd7 10. g4 dxe4 11. fxe4 Nxg4 12. Qg3 f5 13. Rg1 Rf7 14. a3 Be7 15.
d5 cxd5 16. exf5 exf5 17. Nxd5 Bh4 18. Qg2 Bb7 19. Ng3 Ndf6 20. Bc4 Rc8 21. Nxf6+
Qxf6 22. Bxf7+ Qxf7 23. Qe2 Bxg3 1/2-1/2

[Event "Druzynowe Mistrzostwa Polski w Szachach I LIGA 2021"]
[Site "Szklarska Poreba"]
[Date "1899-12-30"]
[Round "4.60"]
[White "Kostecka, Marika"]
[Black "Murawko, Katarzyna"]
[Result "0-1"]
[WhiteTitle "WCM"]
[BlackTitle "WCM"]
[WhiteElo "1834"]
[BlackElo "1974"]

1. e4 d6 2. d4 g6 3. Nc3 Bg7 4. Be2 c6 5. a4 Qb6 6. Nf3 a5 7. Rb1 Na6 8. O-O Nf6
9. h3 O-O 10. Be3 Qc7 11. Qd2 Rd8 12. Rfd1 Nb4 13. Rbc1 Bd7 14. Bh6 d5 15. e5
Ne4 16. Nxe4 dxe4 17. Nh2 c5 18. Bxg7 Kxg7 19. c3 Nd3 20. Bxd3 exd3 21. Qxd3 Bxa4
22. Re1 Qb6 23. Re4 Qxb2 24. Qe3 cxd4 25. cxd4 Rac8 26. Re1 Qc3 27. Qg5 Rxd4 28.
Qxe7 Rxe4 29. Qf6+ Kg8 30. Rxe4 Qa1+ 31. Nf1 Bb5 32. Rf4 Rf8 33. h4 Bxf1 34. Kh2
h5 35. Rg4 hxg4 36. h5 Qc1 37. Kg3 Qc6 0-1

[Event "Druzynowe Mistrzostwa Polski w Szachach I LIGA 2021"]
[Site "Szklarska Poreba"]
[Date "1899-12-30"]
[Round "4.61"]
[White "Kaczmarek, Aleksander"]
[Black "Marczuk, Dominik"]
[Result "1-0"]
[WhiteTitle "FM"]
[BlackTitle "FM"]
[WhiteElo "2368"]
[BlackElo "2280"]

1. e4 c5 2. Nf3 Nc6 3. Bb5 g6 4. c3 Bg7 5. O-O Nf6 6. e5 Nd5 7. d4 cxd4 8. cxd4
O-O 9. Nc3 Nxc3 10. bxc3 d6 11. exd6 Qxd6 12. a4 a6 13. Ba3 Qc7 14. Bxc6 Qxc6
15. Bxe7 Re8 16. d5 Qxc3 17. Rc1 Qa5 18. d6 Bd7 19. Rc4 Rac8 20. Rf4 h6 21. Qb3
Be6 22. Qxb7 g5 23. Re4 Bd5 24. Qb4 Qxb4 25. Rxb4 Bc6 26. Nd4 Bd7 27. Rb7 Rc4
28. Nf3 g4 29. Nh4 Bc6 30. d7 Ra8 31. Rc7 1-0

[Event "Druzynowe Mistrzostwa Polski w Szachach I LIGA 2021"]
[Site "Szklarska Poreba"]
[Date "1899-12-30"]
[Round "4.62"]
[White "Chmiel, Marcin"]
[Black "Gahan, M G"]
[Result "1-0"]
[WhiteTitle "k+"]
[BlackTitle "FM"]
[WhiteElo "2232"]
[BlackElo "2279"]

1. c4 Nf6 2. g3 c6 3. Nf3 d5 4. b3 g6 5. Bg2 Bg7 6. Bb2 O-O 7. O-O Re8 8. d3 Nbd7
9. Nc3 e5 10. cxd5 cxd5 11. Rc1 a6 12. Qc2 Nf8 13. Na4 b5 14. Nc5 Qd6 15. e4 Bg4
16. d4 Nxe4 17. Nxe4 dxe4 18. Nxe5 Bf5 19. Bxe4 Rac8 20. Qe2 Bxe4 21. Rxc8 Rxc8
22. Qxe4 Bxe5 23. dxe5 Qd2 24. e6 Qxb2 25. Qb7 fxe6 26. Qxc8 Qxa2 27. Qc3 Qa3
28. Rd1 e5 29. Qd3 Qe7 30. Qd6 Qe6 31. b4 Kf7 32. Rd5 e4 33. Qf4+ Qf6 34. Qxe4
Qe6 35. Re5 Qd6 36. Qb7+ Kf6 37. Re3 Nd7 38. Qf3+ Kg7 39. Qe4 Kf7 40. Qe8+ Kf6
41. Rf3+ Kg5 42. Qe3+ Kh5 43. h4 Qe5 44. Kg2 Qxe3 45. Rxe3 Nb6 46. Re6 1-0

[Event "Druzynowe Mistrzostwa Polski w Szachach I LIGA 2021"]
[Site "Szklarska Poreba"]
[Date "1899-12-30"]
[Round "4.63"]
[White "Skomial, Mateusz"]
[Black "Gbyl, Andrzej"]
[Result "1-0"]
[WhiteTitle "I++"]
[BlackTitle "k+"]
[WhiteElo "2062"]
[BlackElo "2204"]

1. e4 d5 2. exd5 Qxd5 3. Nc3 Qa5 4. d4 Nf6 5. Nf3 c6 6. Bd3 Bg4 7. h3 Bh5 8. O-O
e6 9. Ne4 Nxe4 10. Bxe4 Nd7 11. Bf4 Nf6 12. Bd3 Be7 13. c3 O-O 14. Qe2 Qd5 15.
g4 Bg6 16. Bxg6 hxg6 17. Rfe1 Rad8 18. Bc7 Rc8 19. c4 Qd7 20. Be5 Bd6 21. Rad1
Bb4 22. Rf1 Bd6 23. Ng5 Nh7 24. Ne4 Bb8 25. Qe3 Qe7 26. c5 Rfd8 27. Nd6 Bxd6 28.
Bxd6 Qg5 29. Qe5 Qh4 30. Rd3 Nf6 31. Ra3 a6 32. Rb3 Rd7 33. Re1 Ne8 34. Qg3 Qd8
35. Be5 Qe7 36. Qc3 Rcd8 37. Rb4 Rd5 38. Qb3 R8d7 39. Kg2 g5 40. Re4 f6 41. Bg3
Kf7 42. f3 g6 43. Bf2 f5 44. Re1 Rc7 45. Bg3 f4 46. Bf2 Nf6 47. h4 Rd8 48. Rc4
Nd5 49. Rc2 gxh4 50. Rce2 Rh8 51. Qd3 h3+ 52. Kh2 Rg8 53. Re5 Rd7 54. Qe4 Nc7
55. Qxf4+ Qf6 56. Qe4 Nd5 57. Bg3 Re8 58. g5 Qg7 59. Rxe6 Rde7 60. Rxe7+ Rxe7
61. Be5 Qh7 62. Qg4 Re6 63. Re4 Ne7 64. Bf6 Nf5 65. Qf4 Rxe4 66. fxe4 Qh5 67.
exf5 Qe2+ 68. Kxh3 Qh5+ 69. Kg3 1-0

[Event "Druzynowe Mistrzostwa Polski w Szachach I LIGA 2021"]
[Site "Szklarska Poreba"]
[Date "1899-12-30"]
[Round "4.64"]
[White "Golda, Sebastian"]
[Black "Kulesza, Andrzej"]
[Result "1/2-1/2"]
[WhiteTitle "k"]
[BlackTitle "I++"]
[WhiteElo "2053"]
[BlackElo "1983"]

1. e4 c5 2. b4 cxb4 3. Bb2 d6 4. d4 Nf6 5. Bd3 g6 6. f4 Bg7 7. Nf3 O-O 8. O-O b6
9. Qe2 Bb7 10. Nbd2 Nc6 11. d5 Nb8 12. a3 bxa3 13. Rxa3 Nbd7 14. Nb3 Nc5 15. Nxc5
bxc5 16. c4 Bc8 17. e5 Nh5 18. Ng5 dxe5 19. fxe5 e6 20. Nxh7 Kxh7 21. Qxh5+ Kg8
22. Qe2 exd5 23. cxd5 Rb8 24. Ba1 Qxd5 25. Bc4 Qc6 26. Rxa7 Be6 27. h4 Bxc4 28.
Qxc4 Qe6 29. Qxc5 Rbc8 30. Qe7 Rce8 31. Qxe6 Rxe6 32. Ra5 Rfe8 33. Ra7 Rf8 34.
Re1 Rfe8 35. Ra5 f6 36. Re4 fxe5 37. Kh2 Kh7 38. Kh3 R8e7 39. Kg4 Re8 40. g3 R8e7
41. Rb5 Kg8 42. Bb2 Kf7 43. Ba3 Rd7 44. Bb2 Rde7 45. Rd5 Kg8 46. Ba3 Ra7 47. Bc5
Rb7 48. Rd3 Kh7 49. Kf3 Rf7+ 50. Kg4 Rb7 51. Rd8 Rc7 52. Rd6 Re8 53. Bb6 Rb7 54.
Bd8 Rf7 55. Bg5 Rc8 56. Ra4 Rc3 57. Kh3 Bf8 58. Re6 Bc5 59. Re4 Bf2 60. Rg4 Rff3
61. Re7+ Kg8 62. Rxe5 Rxg3+ 63. Rxg3 Bxg3 64. Re8+ Kf7 65. Re7+ Kf8 66. Kg4 Bd6
67. Re3 Rxe3 68. Bxe3 Kg7 69. Bd4+ Kh7 70. Kg5 Bg3 1/2-1/2

[Event "Druzynowe Mistrzostwa Polski w Szachach I LIGA 2021"]
[Site "Szklarska Poreba"]
[Date "1899-12-30"]
[Round "4.65"]
[White "Paprocki, Antoni"]
[Black "Warchol, Bartosz"]
[Result "1-0"]
[WhiteTitle "I++"]
[BlackTitle "I++"]
[WhiteElo "1894"]
[BlackElo "1897"]

1. d4 d5 2. c4 dxc4 3. e4 Nc6 4. Nf3 Bg4 5. d5 Ne5 6. Bf4 Ng6 7. Be3 Nf6 8. Nc3
e5 9. Bxc4 a6 10. Be2 Bxf3 11. Bxf3 Bd6 12. O-O O-O 13. a3 Qe7 14. Rc1 Rfd8 15.
Qb3 Rdb8 16. Ne2 Nf8 17. Ng3 g6 18. Bg5 N8d7 19. Bg4 Qf8 20. Bh3 b5 21. Qe3 Kh8
22. Rc6 Qe8 23. f4 exf4 24. Rxf4 Qe5 25. Rf2 Kg8 26. Bf4 Qe7 27. Bxd6 cxd6 28.
Rc7 Qd8 29. Qc3 Rc8 30. Rc6 Ne8 31. Ne2 Rxc6 32. dxc6 Nc5 33. Qd4 Qe7 34. Nc3
Nc7 35. b4 N5e6 36. Qe3 Qe8 37. Nd5 Nxd5 38. exd5 Nc7 39. Qd4 Qe7 40. Bd7 Qg5
41. Rd2 a5 42. h4 Qg3 43. Rf2 Qb3 44. Qb6 Nxd5 45. Qb7 Rf8 46. c7 Nxc7 47. Qxc7
axb4 48. Bxb5 bxa3 49. Bc4 Qd1+ 50. Kh2 d5 51. Ba2 Qd4 52. Qg3 Rd8 53. Rf3 Rc8
54. Rxa3 Rc1 55. Re3 h5 56. Bb3 Qa1 57. Re8+ Kh7 58. Qe5 Rh1+ 59. Kg3 Qxe5+ 60.
Rxe5 Kg7 61. Rxd5 Rf1 62. Rd4 Rc1 63. Rb4 Rc7 64. Kf4 Re7 65. Bd5 Re1 66. Rb7
Rf1+ 67. Ke5 Rf2 68. Kd6 Rf1 69. Ke7 Rf5 70. Rd7 g5 71. hxg5 Rxg5 72. Bf3 Re5+
73. Kd6 Rf5 74. Rc7 h4 75. Bg4 Rf4 76. Bh3 Kf6 77. Rc5 Kg6 78. Ke5 Ra4 79. Kd5
f6 80. Rc4 Ra5+ 81. Ke4 Kg5 82. Rc3 Rb5 83. Rd3 Re5+ 84. Kf3 Ra5 85. Rd4 Ra3+
86. Ke4 Ra1 87. Rd5+ Kg6 88. Bf5+ Kg5 89. Bd7+ Kg6 90. Kf3 Rc1 91. Kg4 Rc4+ 92.
Kh3 Rb4 93. Bg4 Rf4 94. Kxh4 f5 95. Rxf5 Rxf5 96. Bxf5+ Kxf5 97. g3 Kf6 98. Kh5
Kg7 99. Kg5 Kf7 100. Kh6 Kg8 101. g4 Kh8 102. g5 Kg8 103. Kg6 Kh8 104. Kf7 1-0